00279nam a22000857a 4500082001500000245008300015260006600098300002100164563000800185 a340.6bMOD aModi's Textbook on Medical Jurisprudence and Toxicology /cEdited by N.J. Modi aLahore :bPakistan Civil and Criminal Law Publications,cN.A. a995 p. ;c24 CM. aHB.